Entrepreneurship theory and practice: (Record no. 6607)

000 -LEADER
fixed length control field 00420nam a22001337a 4500
008 - FIXED-LENGTH DATA ELEMENTS--GENERAL INFORMATION
fixed length control field 150928b xxu||||| |||| 00| 0 eng d
020 ## - INTERNATIONAL STANDARD BOOK NUMBER
International Standard Book Number 9966228888
050 ## - LIBRARY OF CONGRESS CALL NUMBER
Classification number HB 615 .B85 2011
100 ## - MAIN ENTRY--PERSONAL NAME
Personal name Bwisa,Henry M.
Dates associated with a name 2011
245 ## - TITLE STATEMENT
Title Entrepreneurship theory and practice:
Remainder of title a kenyan perspective.
Statement of responsibility, etc. Henry M Bwisa
260 ## - PUBLICATION, DISTRIBUTION, ETC. (IMPRINT)
Place of publication, distribution, etc. Kenya:
Name of publisher, distributor, etc. JKF,
Date of publication, distribution, etc. 2011.
300 ## - PHYSICAL DESCRIPTION
Extent VI,274P.
942 ## - ADDED ENTRY ELEMENTS (KOHA)
Source of classification or shelving scheme
Koha item type Hard Covered Materials
Classification part HB 615 .B85 2011
Koha issues (borrowed), all copies 2
Holdings
Withdrawn status Lost status Source of classification or shelving scheme Damaged status Not for loan Home library Current library Date acquired Total Checkouts Full call number Barcode Checked out Date last seen Date last checked out Price effective from Koha item type Shelving location
          MACHAKOS UNIVERSITY LIBRARY MACHAKOS UNIVERSITY LIBRARY 28/09/2015 5 HB 615 .B85 2011 4434 24/03/2020 10/03/2020 10/03/2020 28/09/2015 Hard Covered Materials  
          MACHAKOS UNIVERSITY LIBRARY MACHAKOS UNIVERSITY LIBRARY 04/08/2016 1 HD 62.5 .H57 2002 24429   01/11/2019 01/11/2019 04/08/2016 Hard Covered Materials Technical section
© Machakos University Library, Along The Highway, Machakos Wote Rd, Machakos, Kenya P.O. Box 136 - 90100 Machakos - Kenya

Tel: ( +254 ) 723 805829 OR Fax : 044-20353 OR Email: library@mksu.ac.ke